Players of National Teams - Egypt - Statistics

General Stats
  • This quiz has been taken 8 times
  • The average score is 11 of 28
Answer Stats
Pos. Team Player % Correct
RW Liverpool FC Mohamed Salah
100%
FW Manchester City Omar Marmoush
100%
RW Al Ahly Zizo
83%
DM Al-Wakrah Hamdy Fathy
67%
FW FC Nantes Mostafa Mohamed
67%
RB Al Ahly Mohamed Hany
50%
GK Al Ahly Oufa Shobeir
50%
LW Al Ahly Trezeguet
50%
GK Pyramids FC Ahmed El Shenawy
33%
LB Zamalek Ahmed Fatouh
33%
CB Zamalek Hossam Abdelmaguid
33%
DM Al Ahly Marwan Ateya
33%
GK Al Ahly Mohamed El Shenawy
33%
LB Pyramids FC Mohamed Hamdi
33%
CB Zamalek Mohamed Ismail
33%
GK Zamalek Mohamed Sobhi
33%
DM Pyramids FC Mohanad Lasheen
33%
RW Pyramids FC Mostafa Fathi
33%
FW Bank El Ahly Osama Faisal
33%
CB Al-Ain Ramy Rabia
33%
FW El Masry Salah Mohsen
33%
CB Al Ahly Yasser Ibrahim
33%
RB Al Ahly Ahmed Eid
17%
LW FC Nordsjaelland Ibrahim Adel
17%
CB El Masry Khaled Sobhi
17%
CM Zed FC Mahmoud Saber
17%
CM Zamalek Mohamed Shehata
17%
CM Al Ahly Emam Mashour
0%
No matching quizzes found
Score Distribution
Percent of People with Each Score
Percentile by Number Answered
Your Score History
You have not taken this quiz